00559naa a2200193 uc450000100070000000500170000700800410002403500110006504000130007604100080008908200080009710000430010524500510014826000320019930000170023177300850024894200130033399900190034683704720240201190147.0030812s2003 spa  a837047 ccomduadb aspa 4a33710aOliven, Ruben George4auteaut953784310aNacion e identidad en tiempos de globalizacion aArgentina :bCiccus,c2003. ap. 113 - 1290 tGlobalizacion e identidad culturalw836114z987956314Xw(OCoLC)7778659990289499 cBKCAPn0 c290336d290336